000 00371nam a22001577a 4500
003 MPLRDC
005 20220104125037.0
008 210129b ||||| |||| 00| 0 eng d
082 _a857.9 SMQ-5 v.2
100 _a司马翔
245 _a古剑龙鞘. 下
_c
260 _a
_b毅力出版社
_c
300 _b
650 _a武侠小说
942 _cBK
_o857.9 SMQ-5 v.2
999 _c24190
_d24180